Harry Potter - Trivial Details - Statistics

General Stats
  • This quiz has been taken 190 times
  • The average score is 10 of 16
Answer Stats
Hint Answer % Correct
A feather from this animal lies in Harry's wand Phoenix
97%
Neville's toad Trevor
90%
Commentator for most Quidditch matches Lee Jordan
86%
The name of the Hufflepuff ghost The Fat Friar
84%
Colin Creevey's younger brother Dennis
83%
The bronze-coloured wizard currency Knuts
78%
Muggle Studies professor (until Harry's 7th year) Charity Burbage
77%
Hepzibah Smith's house-elf Hokey
66%
Dolores Umbridge's middle name Jane
65%
Dudley's best friend Piers Polkiss
65%
Voldemort's uncle Morfin
62%
Sirius's brother's middle name Arcturus
59%
The first password (for Harry) to Gryffindor Tower Caput Draconis
38%
Draco Malfoy's grandfather Abraxas
31%
The centaur that kicked Firenze from the Forest Magorian
30%
Neville's great-uncle Algie
20%
No matching quizzes found
Score Distribution
Percent of People with Each Score
Percentile by Number Answered
Your Score History
You have not taken this quiz